书目信息 |
| 题名: |
法治思维与新行政法
|
|
| 作者: | 姜明安 著 | |
| 分册: | ||
| 出版信息: | 北京 北京大学出版社 2013.01 |
|
| 页数: | 472页 | |
| 开本: | 23cm | |
| 丛书名: | ||
| 单 册: | ||
| 中图分类: | D920.0 , D922.104 | |
| 科图分类: | ||
| 主题词: | 社会主义法制--研究--中国 , 行政法--研究--中国 , 社会主义法制 , 行政法 | |
| 电子资源: | ||
| ISBN: | 978-7-301-21757-3 | |
| 000 | 00884nam0 2200277 450 | |
| 001 | 010020005709 | |
| 005 | 20130627100325.20 | |
| 010 | @a978-7-301-21757-3@dCNY50.00 | |
| 100 | @a20130206d2013 em y0chiy50 ea | |
| 101 | 0 | @achi@eeng |
| 102 | @aCN@b110000 | |
| 105 | @ay z 000yy | |
| 106 | @ar | |
| 200 | 1 | @a法治思维与新行政法@9fa zhi si wei yu xin xing zheng fa@f姜明安著 |
| 210 | @a北京@c北京大学出版社@d2013.01 | |
| 215 | @a472页@d23cm | |
| 330 | @a本书共五编,内容是转型时期的法治;新行政法与软法之治;公法、公法学与政治文明;转型时期的行政法制度建设;行政法的发展目标与路径。 | |
| 606 | 0 | @a社会主义法制@x研究@y中国 |
| 606 | 0 | @a行政法@x研究@y中国 |
| 606 | 0 | @a社会主义法制 |
| 606 | 0 | @a行政法 |
| 690 | @aD920.0@v5 | |
| 690 | @aD922.104@v5 | |
| 701 | 0 | @a姜明安@9jiang ming an@4著 |
| 801 | 0 | @aCN@b人天书店@c20130206 |
| 905 | @b546779-83@dD920.0@e1035@f5 | |
| 法治思维与新行政法/姜明安著.-北京:北京大学出版社,2013.01 |
| 472页;23cm |
| ISBN 978-7-301-21757-3:CNY50.00 |
| 本书共五编,内容是转型时期的法治;新行政法与软法之治;公法、公法学与政治文明;转型时期的行政法制度建设;行政法的发展目标与路径。 |
| ● |
| 相关链接 |
|
|
|
|
正题名:法治思维与新行政法
索取号:D920.0/1035
 
预约/预借
| 序号 | 登录号 | 条形码 | 馆藏地/架位号 | 状态 | 备注 |
| 1 | 546779 | 205467797 | 第一样本阅览室/ [索取号:D920.0/1035] | 在馆 | |
| 2 | 546780 | 205467804 | 第一借阅区/ [索取号:D920.0/1035] | 在馆 | |
| 3 | 546781 | 205467813 | 第一借阅区/ [索取号:D920.0/1035] | 在馆 | |
| 4 | 546782 | 205467822 | 第一借阅区/ [索取号:D920.0/1035] | 在馆 | |
| 5 | 546783 | 205467831 | 密集书库-史法系/ [索取号:D920.0/1035] | 在馆 |